| 000 | 01125nam a2200325 i 4500 | ||
|---|---|---|---|
| 001 | bg | ||
| 100 | 1 | _aDahlgaard, J. J. | |
| 245 | 1 | 0 |
_aPodstawy zarządzania jakością / _cJens J. Dahlgaard, Kai Kristesen, Gopal K. Kanji ; przekł. Lesław Wasilewski ; Fundacja Edukacyjna Przedsiębiorczości. |
| 246 |
_iTyt. oryg.: _aFundamentals of total quality management |
||
| 260 |
_aWarszawa : _bWydawnictwo Naukowe PWN, _c2000. |
||
| 300 |
_a343, [1] s. : _bil. ; _c24 cm. |
||
| 490 | 1 | _aPrzedsiębiorczość | |
| 500 | _aTyt. oryg.: "Fundamentals of total quality management" 1998. | ||
| 504 | _aBibliogr. przy rozdz. - Indeksy. | ||
| 650 | 9 | _aZarządzanie jakością | |
| 655 | _aPodręczniki | ||
| 700 | 1 |
_aKristesen, Kai _d(1947- ) |
|
| 700 | 1 | _aKanji, Gopal K. | |
| 710 | 0 | _aFundacja Edukacyjna Przedsiębiorczości | |
| 830 | _aPrzedsiębiorczość | ||
| 020 | _a8301129832 | ||
| 040 | _cBPK | ||
| 041 | 1 |
_apol _heng |
|
| 080 | _a005.6 | ||
| 080 | _a(07) | ||
| 920 | _a83-01-12983-2 | ||
| 942 | _cKS | ||
| 008 | s pl f |000 0 pol | ||
| 999 |
_c37351 _d37351 |
||
| 856 |
_uhttp://koha.tu.koszalin.pl/cgi-bin/koha/opac-detail.pl?biblionumber=37351 _yKatalog online BPK |
||